| 000 | 00982cam a2200241 4500 | ||
|---|---|---|---|
| 001 | WB3705-32 | ||
| 008 | 000000n2001 000 0 eng u | ||
| 035 | _a(Sirsi) u110669 | ||
| 245 | _aVendor penalised for failing to disclose footpath dispute | ||
| 260 | _c2001 | ||
| 490 |
_aEstates Gazette _v(1014) 27 January 2001, 140(1) |
||
| 520 | _aPurchasers rely on vendors' replies to preliminary enquiries about various parts of a property. If the information provided is misleading or false the purchaser can bring an action for misrepresentation. Discusses "Dart v Ely", which illustrates this liability, and concerned a vendor's failure to disclose details about a seafront footpath dispute. | ||
| 590 | _aWB | ||
| 650 | _aDART V ELY | ||
| 650 | _aMISREPRESENTATION | ||
| 650 | _aNEGLIGENT MISREPRESENTATION | ||
| 650 | _aFOOTPATH | ||
| 650 | _aPRE-CONTRACT ENQUIRIES | ||
| 650 | _aINFORMATION PROVISION | ||
| 650 | _aVENDORS | ||
| 690 | _aPROPERTY | ||
| 942 | _n0 | ||
| 999 |
_c65947 _d65947 |
||